Alte Stoffe (Record no. 4226)
[ view plain ]
| 000 -CABECERA | |
|---|---|
| campo de control de longitud fija | 00880nam a2200277 a 4500 |
| 001 - NÚMERO DE CONTROL | |
| campo de control | BRCA_4520 |
| 005 - FECHA Y HORA DE LA ÚLTIMA TRANSACCIÓN | |
| campo de control | 20190320204713.0 |
| 008 - DATOS DE LONGITUD FIJA--INFORMACIÓN GENERAL | |
| campo de control de longitud fija | 210910s1920----gw-a######---#000-0#ger-# |
| 041 ## - CÓDIGO DE LENGUA | |
| Código de lengua del texto/banda sonora o título independiente | ger |
| 044 ## - CÓDIGO DEL PAÍS DE LA ENTIDAD EDITORA/PRODUCTORA | |
| Código MARC del país | gw |
| 050 #4 - SIGNATURA TOPOGRÁFICA DE LA BIBLIOTECA DEL CONGRESO | |
| Número de clasificación | NK8862 |
| Número de documento/Ítem | .S58 1920 |
| 100 1# - ENTRADA PRINCIPAL--NOMBRE DE PERSONA | |
| Nombre de persona | Shulze, Paul |
| Fechas asociadas al nombre | 1854- |
| 9 (RLIN) | 11445 |
| 245 10 - MENCIÓN DE TÍTULO | |
| Título | Alte Stoffe |
| Resto del título | Ein Leitfaden für Sammler und Liebhabermit... mit 202 Abbildungen und einer Karte |
| Mención de responsabilidad, etc. | von Professor Paul Shulze. |
| 250 ## - MENCIÓN DE EDICIÓN | |
| Mención de edición | 2 |
| 260 ## - PUBLICACIÓN, DISTRIBUCIÓN, ETC. | |
| Lugar de publicación, distribución, etc. | Berlín |
| Nombre del editor, distribuidor, etc. | Richard Carl Schmidt |
| Fecha de publicación, distribución, etc. | 1920 |
| 300 ## - DESCRIPCIÓN FÍSICA | |
| Extensión | 217 p. |
| Otras características físicas | il., 202 láminas, 1 mapa |
| Dimensiones | 21 cm. |
| 440 #0 - MENCIÓN DE SERIE/PUNTO DE ACCESO ADICIONAL--TÍTULO | |
| Título | Bibliothek für kunst-und Antiquitätensammler |
| Designación de volumen o secuencia | 10 |
| 9 (RLIN) | 11446 |
| 500 ## - NOTA GENERAL | |
| Nota general | Estado físico: Lomo deteriorado |
| 500 ## - NOTA GENERAL | |
| Nota general | D2 |
| 650 14 - PUNTO DE ACCESO ADICIONAL DE MATERIA--TÉRMINO DE MATERIA | |
| Término de materia o nombre geográfico como elemento de entrada | Seda |
| Subdivisión general | Fabricación y comercio |
| 9 (RLIN) | 11447 |
| 650 14 - PUNTO DE ACCESO ADICIONAL DE MATERIA--TÉRMINO DE MATERIA | |
| Término de materia o nombre geográfico como elemento de entrada | Textiles |
| Subdivisión general | Historia |
| 9 (RLIN) | 11400 |
| 650 14 - PUNTO DE ACCESO ADICIONAL DE MATERIA--TÉRMINO DE MATERIA | |
| Término de materia o nombre geográfico como elemento de entrada | Bordado |
| 9 (RLIN) | 4753 |
| 650 14 - PUNTO DE ACCESO ADICIONAL DE MATERIA--TÉRMINO DE MATERIA | |
| Término de materia o nombre geográfico como elemento de entrada | Tejido |
| 9 (RLIN) | 7611 |
| 902 ## - CATALOGADOR | |
| Iniciales | GFM |
| 942 ## - ELEMENTOS DE PUNTO DE ACCESO ADICIONAL (KOHA) | |
| Fuente del sistema de clasificación o colocación | Library of Congress Classification |
| Tipo de ítem Koha | Libros |
| Estado de retiro | Estado de pérdida | Estado dañado | No para préstamo | Localización permanente | Ubicación/localización actual | Fecha de adquisición | Número de inventario | Total de préstamos | Signatura topográfica completa | Código de barras | Fecha visto por última vez | Precio válido a partir de | Tipo de ítem Koha |
|---|---|---|---|---|---|---|---|---|---|---|---|---|---|
| El ejemplar forma parte de la colección y puede ser consultado según las políticas vigentes. | Biblioteca del Museo Franz Mayer (Rogerio Casas-Alatriste) | Biblioteca del Museo Franz Mayer (Rogerio Casas-Alatriste) | 21/09/2010 | D2 | NK8862 .S58 1920 (D2) | 4518 | 22/03/2019 | 22/03/2019 | Libros |